Quick Pick: Beatrix Potter or Not? Quiz Stats

 Plays Quiz Updated Oct 26, 2017

Challenge
Share
Tweet
Embed
Score 0/10 Timer 01:30
2 Plays Today
% Correct
The Tale of Benjamin Bunny
87.1%
The Tale of Two Bad Mice
80.4%
The Tale of Little Pig Robinson
79.5%
The Tale of the Pie and the Patty-Pan
77.5%
The Tale of Mr. Tod
76.1%
The Story of Miss Moppet
73%
The Story of a Fierce Bad Rabbit
67.5%
The Tale of Kitty-in-Boots
66.8%
Appley Dapply's Nursery Rhymes
59.2%
The Tailor of Gloucester
56.9%

Today's Daily Dose

You're not logged in!

Compare scores with friends on all Sporcle quizzes.
OR
Log In

You Might Also Like...

Show Comments

Extras

Top Quizzes Today


Score Distribution

Your Account Isn't Verified!

In order to create a playlist on Sporcle, you need to verify the email address you used during registration. Go to your Sporcle Settings to finish the process.

Report this User

Report this user for behavior that violates our Community Guidelines.

Details: